Agriculture Export Variety and the Short and Long Run Impact on Agriculture Export

Zisťovanie, do akej miery mal vstup do EÚ vplyv na zvýšenie rôznorodosti exportu agropotravinárskych kategórií pre dve východoeurópske krajiny - Rumunsko a Bulharsko. Vplyv zmien v rôznorodosti exportu agropotravinárskych kategórií na dynamiku objemu exportu agropotravinárskych produktov pre tieto d...

Ausführliche Beschreibung

Gespeichert in:
Bibliographische Detailangaben
1. Verfasser: Andrei, Tudorel
Weitere Verfasser: Oancea, Bogdan, Mirică, Andreea
Format: Buchkapitel
Sprache:Englisch
Schlagworte:
Tags: Tag hinzufügen
Keine Tags, Fügen Sie das erste Tag hinzu!

MARC

LEADER 00000naa a2200000 4500
001 0283360
005 20220427101729.6
041 0 |a eng 
044 |a CZ 
245 1 0 |a Agriculture Export Variety and the Short and Long Run Impact on Agriculture Export  |c Tudorel Andrei, Bogdan Oancea, Andreea Mirică 
520 |a Zisťovanie, do akej miery mal vstup do EÚ vplyv na zvýšenie rôznorodosti exportu agropotravinárskych kategórií pre dve východoeurópske krajiny - Rumunsko a Bulharsko. Vplyv zmien v rôznorodosti exportu agropotravinárskych kategórií na dynamiku objemu exportu agropotravinárskych produktov pre tieto dve krajiny. 
610 2 0 |a agropotravinárstvo 
610 2 0 |a poľnohospodárstvo 
610 2 0 |a vývoz 
610 2 0 |a produkty 
610 2 0 |a Bulharsko 
610 2 0 |a Rumunsko 
610 2 0 |a Európska únia 
100 1 |a Andrei, Tudorel 
700 1 |a Oancea, Bogdan 
700 1 |a Mirică, Andreea